Statistics for Batman Actors Quiz

Click here to take the quiz!

General Stats

  • This quiz has been taken 42,810 times
    (13,006 since last reset)
  • The average score is 18 of 30

Answer Stats

CharacterMoviesActor% Correct
BatmanThe Dark Knight TrilogyChristian Bale
91%
The JokerThe Dark KnightHeath Ledger
89%
BatmanBatman v SupermanBen Affleck
86%
BatmanThe BatmanRobert Pattinson
83%
The JokerJokerJoaquin Phoenix
82%
BatmanBatman & RobinGeorge Clooney
81%
BatmanBatman / Batman ReturnsMichael Keaton
77%
The JokerBatmanJack Nicholson
72%
CatwomanCatwomanHalle Berry
70%
BatmanBatman (1966)Adam West
68%
RiddlerBatman ForeverJim Carrey
67%
Mr. FreezeBatman & RobinArnold Schwarzenegger
66%
BaneThe Dark Knight RisesTom Hardy
66%
CatwomanThe Dark Knight RisesAnne Hathaway
65%
AlfredThe Dark Knight TrilogyMichael Caine
65%
BatmanBatman ForeverVal Kilmer
65%
PenguinBatman ReturnsDanny DeVito
64%
Lucius FoxThe Dark Knight TrilogyMorgan Freeman
63%
Ra's Al GhulThe Dark Knight TrilogyLiam Neeson
57%
Commissioner GordonThe Dark Knight TrilogyGary Oldman
55%
CatwomanBatman ReturnsMichelle Pfeiffer
55%
CatwomanThe BatmanZoë Kravitz
53%
Poison IvyBatman & RobinUma Thurman
48%
Harvey Dent / Two-FaceBatman ForeverTommy Lee Jones
44%
PenguinThe BatmanColin Farrell
40%
RiddlerThe BatmanPaul Dano
36%
BatgirlBatman & RobinAlicia Silverstone
35%
Harvey Dent / Two-FaceThe Dark KnightAaron Eckhart
34%
The JokerBatman (1966)Cesar Romero
32%
RobinBatman Forever / Batman & RobinChris O'Donnell
30%

Score Distribution

Percentile by Number Answered

Percent of People with Each Score

Your Score History

You have not taken this quiz since the last reset